Lineamientos de derecho penal /

Guardado en:
Autor Principal: Zaffaroni, E. Raúl.
Formato: Libro
Idioma:Undetermined
Publicado: Ciudad Autónoma de Buenos Aires : Ediar, 2023.
Edición:2a. ed.; 1a. reimp.
Materias:
Etiquetas: Agregar Etiqueta
Sin Etiquetas, Sea el primero en etiquetar este registro!
LEADER 00522nam a22001695a 4500
001 DER.der015288
008 250910s2023####xx############000#0#und#d
005 20250910123833.0
245 1 0 |a Lineamientos de derecho penal /  |c E. Raúl Zaffaroni. 
250 |a 2a. ed.; 1a. reimp. 
260 |a Ciudad Autónoma de Buenos Aires :  |b Ediar,  |c 2023. 
300 |a 453 p. 
501 |a Incluye cuadros anexos. 
020 |a 9789505744022 
100 1 |a Zaffaroni, E. Raúl. 
650 7 |a DERECHO PENAL 
859 |a DERECHO  |b BIB. DERECHO  |h 345  |i ZAF  |p 0010647